01423nam a2200349Ia 4500001001200000003000800012006001900020007001500039008004100054010001700095020001800112020001500130040002100145035002100166050002600187082001600213100002200229245013700251260004300388300002400431504006600455533015200521546005700673630005000730630003500780650004400815650002300859655002900882710001700911856012600928999001901054ebr10495975CaPaEBRm u cr cn|||||||||091027s2009 inua sb 001 0 eng d z 2009045507 z9781575061825 z1575061821 aCaPaEBRcCaPaEBR a(OCoLC)75916013814aBS511.3b.W663 2009eb04a221.6/62221 aWolde, E. J. van.10aReframing biblical studiesh[electronic resource] :bwhen language and text meet culture, cognition, and context /cEllen van Wolde. aWinona Lake, IN :bEisenbrauns,c2009. axiv, 402 p. :bill. aIncludes bibliographical references (p. 373-390) and indexes. aElectronic reproduction.bPalo Alto, Calif. :cebrary,d2011.nAvailable via World Wide Web.nAccess may be limited to ebrary affiliated libraries. aContains phrases in Hebrew with English translation.00aBible.pO.T.xCriticism, interpretation, etc.00aBible.pO.T.xLanguage, style. 0aHebrew languagexSemantics, Historical. 0aCognitive grammar. 7aElectronic books.2local2 aebrary, Inc.40uhttp://site.ebrary.com/lib/rucke/Doc?id=10495975zAn electronic book accessible through the World Wide Web; click to view c130907d130907